Qualitative data analysis with NVIVO / (Record no. 331037)
[ view plain ]
| 000 -LEADER | |
|---|---|
| fixed length control field | 00760cam a22002175a 4500 |
| 001 - CONTROL NUMBER | |
| control field | 17509765 |
| 003 - CONTROL NUMBER IDENTIFIER | |
| control field | NUST |
| 005 - DATE AND TIME OF LATEST TRANSACTION | |
| control field | 20180117104012.0 |
| 008 - FIXED-LENGTH DATA ELEMENTS--GENERAL INFORMATION | |
| fixed length control field | 121026s2013 cau 000 0 eng |
| 010 ## - LIBRARY OF CONGRESS CONTROL NUMBER | |
| LC control number | 2012952715 |
| 040 ## - CATALOGING SOURCE | |
| Original cataloging agency | DLC |
| Transcribing agency | DLC |
| 042 ## - AUTHENTICATION CODE | |
| Authentication code | pcc |
| 082 ## - DEWEY DECIMAL CLASSIFICATION NUMBER | |
| Classification number | 001.4220285 BAZ |
| 100 1# - MAIN ENTRY--PERSONAL NAME | |
| Personal name | Bazeley, Pat. |
| 9 (RLIN) | 4443 |
| 245 10 - TITLE STATEMENT | |
| Title | Qualitative data analysis with NVIVO / |
| Statement of responsibility, etc. | Pat Bazeley, Kristi Jackson. |
| 250 ## - EDITION STATEMENT | |
| Edition statement | 2nd ed. |
| 260 ## - PUBLICATION, DISTRIBUTION, ETC. | |
| Place of publication, distribution, etc. | Thousand Oaks, CA : |
| Name of publisher, distributor, etc. | Sage Publications, |
| Date of publication, distribution, etc. | 2013. |
| 263 ## - PROJECTED PUBLICATION DATE | |
| Projected publication date | 1305 |
| 300 ## - PHYSICAL DESCRIPTION | |
| Extent | p. cm. |
| 906 ## - LOCAL DATA ELEMENT F, LDF (RLIN) | |
| a | 0 |
| b | ibc |
| c | orignew |
| d | 2 |
| e | epcn |
| f | 20 |
| g | y-gencatlg |
| 942 ## - ADDED ENTRY ELEMENTS (KOHA) | |
| Source of classification or shelving scheme | |
| Koha item type | Book |
| Withdrawn status | Lost status | Source of classification or shelving scheme | Damaged status | Not for loan | Collection code | Permanent Location | Current Location | Shelving location | Date acquired | Total Checkouts | Full call number | Barcode | Checked out | Date last seen | Date last checked out | Price effective from | Koha item type |
|---|---|---|---|---|---|---|---|---|---|---|---|---|---|---|---|---|---|
| Computer Science | Central Library (CL) | Central Library (CL) | First Floor - Computer Science | 08/29/2017 | 1 | 001.4220285 BAZ | S3H-C-124 | 02/23/2019 | 10/26/2018 | 10/26/2018 | 08/29/2017 | Book |
